[Event "European Rapid 2017"]
[Site "Katowice POL"]
[Date "2017.12.17"]
[Round "9.62"]
[White "Kreisl, Robert"]
[Black "Pribyl, Josef"]
[Result "0-1"]
[WhiteTitle "IM"]
[BlackTitle "IM"]
[WhiteElo "2440"]
[BlackElo "2263"]
[WhiteFideId "1613880"]
[BlackFideId "300187"]
[EventDate "2017.12.16"]

1. b3 d5 2. Bb2 c5 3. e3 Nf6 4. f4 g6 5. Nf3 Bg7 6. Bb5+ Bd7 7. Be2 O-O 8. O-O
Nc6 9. Ne5 Nxe5 10. Bxe5 b5 11. Bf3 Bc6 12. d3 Qd7 13. Nd2 a5 14. Qe2 a4 15. Kh1
Ra6 16. c4 axb3 17. axb3 Rfa8 18. Rxa6 Rxa6 19. e4 dxe4 20. Nxe4 Nxe4 21. Bxe4
Bxe5 22. Bxc6 Qxc6 23. d4 Bxd4 0-1

[Event "European Rapid 2017"]
[Site "Katowice POL"]
[Date "2017.12.17"]
[Round "9.63"]
[White "Nasibullin, Iskander"]
[Black "Kanarek, Marcel"]
[Result "0-1"]
[BlackTitle "GM"]
[WhiteElo "2088"]
[BlackElo "2505"]
[WhiteFideId "34124273"]
[BlackFideId "1126822"]
[EventDate "2017.12.16"]

1. e4 e5 2. Nf3 Nc6 3. Bb5 g6 4. Nc3 Bg7 5. d3 d6 6. Bg5 f6 7. Be3 Nh6 8. h3 Bd7
9. a3 O-O 10. Qd2 Nf7 11. Bc4 Ne7 12. g4 Qc8 13. O-O-O c6 14. Rdg1 b5 15. Bb3 a5
16. Nh4 Be6 17. d4 Bxb3 18. cxb3 d5 19. dxe5 fxe5 20. Bc5 Re8 21. f4 exf4 22.
Nf5 gxf5 23. gxf5 Nxf5 24. exf5 Qxf5 25. Qg2 Qf6 26. Qd2 Ng5 27. Rg4 Ne6 28.
Rhg1 Nxc5 29. Rxg7+ Kh8 30. Qd1 Rg8 31. Rxg8+ Rxg8 32. Rxg8+ Kxg8 33. Qg1+ Kf7
34. Qxc5 f3 35. Nd1 Qh6+ 36. Kc2 Qxh3 37. Qxc6 Qf5+ 38. Kc1 Qf4+ 39. Kc2 Qf5+
40. Kd2 Qf4+ 41. Kc2 Qf5+ 42. Kc1 Qg5+ 43. Kc2 Qg6+ 44. Qxg6+ Kxg6 45. Kd3 Kf5
46. Ke3 Kg4 47. Kd4 Kg3 48. Ne3 f2 49. Kxd5 Kf3 50. Nf1 Ke2 51. Ng3+ Ke1 52. Kc5
f1=Q 53. Nxf1 Kxf1 54. Kxb5 h5 55. Kxa5 h4 56. b4 h3 57. b5 h2 58. b6 h1=Q 59.
b4 Qa8+ 60. Kb5 Qxa3 61. b7 Qa7 0-1

[Event "European Rapid 2017"]
[Site "Katowice POL"]
[Date "2017.12.17"]
[Round "9.64"]
[White "Djuric, Stefan"]
[Black "Flasinski, Michal"]
[Result "1-0"]
[WhiteTitle "GM"]
[WhiteElo "2383"]
[BlackElo "2218"]
[WhiteFideId "900133"]
[BlackFideId "1117238"]
[EventDate "2017.12.16"]

1. Nf3 d5 2. e3 Nf6 3. c4 c6 4. Nc3 a6 5. b3 Bg4 6. Bb2 e6 7. h3 Bh5 8. g4 Bg6
9. Ne5 Nbd7 10. Nxg6 hxg6 11. Bg2 Bd6 12. d4 g5 13. O-O b5 14. cxd5 cxd5 15. f4
gxf4 16. exf4 Bb8 17. Rc1 Nf8 18. g5 Nh5 19. Qg4 Qd6 20. Nxd5 Ra7 21. Rc8+ Kd7
22. Rfc1 Nxf4 23. Ba3 Qxa3 24. Nxf4 Bc7 25. R8xc7+ Rxc7 26. Rxc7+ Kxc7 27. Qf3
Qc1+ 28. Kh2 Rh4 29. Nd3 Qxg5 30. Qb7+ Kd8 31. d5 Rxh3+ 32. Kxh3 Qh6+ 33. Kg3
Qg6+ 34. Kh2 Qxd3 35. Qxf7 Qh7+ 36. Kg1 Qb1+ 37. Kh2 Qh7+ 38. Kg1 Qb1+ 39. Kh2
Qh7+ 40. Bh3 Qc2+ 41. Bg2 Qh7+ 42. Bh3 Qc2+ 43. Bg2 Qh7+ 44. Bh3 Qc2+ 45. Bg2
Qh7+ 46. Bh3 Qc2+ 47. Bg2 Qh7+ 48. Kg3 Qg6+ 49. Qxg6 Nxg6 50. dxe6 Ke7 51. b4
Ne5 52. Bb7 Nd3 53. a3 Ne1 54. Be4 Kxe6 55. Kf2 Ke5 56. Bb1 Kd4 57. Kxe1 Kc3 58.
Bg6 Kb3 59. Kd2 Kxa3 60. Kc3 Ka4 61. Bc2+ Ka3 62. Bb3 g5 63. Bd1 Ka2 64. Kd4 Kb2
65. Bg4 Kb3 66. Kc5 Kc3 67. Bc8 g4 68. Bxa6 g3 69. Bb7 1-0

[Event "European Rapid 2017"]
[Site "Katowice POL"]
[Date "2017.12.17"]
[Round "9.65"]
[White "Varvadoukas, Theodoros"]
[Black "Polivanov, Anatoliy"]
[Result "0-1"]
[BlackTitle "IM"]
[WhiteElo "2178"]
[BlackElo "2383"]
[WhiteFideId "4210735"]
[BlackFideId "14109468"]
[EventDate "2017.12.16"]

1. e3 d5 2. b3 c5 3. Bb2 Nc6 4. f4 a6 5. Nf3 Nf6 6. Be2 e6 7. O-O Be7 8. Qe1 O-O
9. d3 Ng4 10. Qg3 Bf6 11. Ne5 Nh6 12. Qh3 Nxe5 13. fxe5 Bg5 14. e4 d4 15. a4 Bd7
16. a5 Be3+ 17. Kh1 f6 18. exf6 Rxf6 19. Na3 Nf7 20. Rxf6 Qxf6 21. Rf1 Qh6 22.
Qxh6 Bxh6 23. Nc4 Bb5 24. Ba3 Bxc4 25. bxc4 Rc8 26. Bg4 Rc6 27. Rb1 Nd8 28. Rb6
Kf7 29. Rxc6 Nxc6 30. Bxc5 Bd2 31. e5 Bxa5 32. Bf3 Bc3 33. Be4 a5 34. Bxc6 bxc6
35. g4 Bb2 36. Kg2 a4 0-1

[Event "European Rapid 2017"]
[Site "Katowice POL"]
[Date "2017.12.17"]
[Round "9.66"]
[White "Batsiashvili, Nino"]
[Black "Kumala, Aleksander"]
[Result "1/2-1/2"]
[WhiteTitle "IM"]
[WhiteElo "2502"]
[BlackElo "2220"]
[WhiteFideId "13602993"]
[BlackFideId "1141880"]
[EventDate "2017.12.16"]

1. d4 Nf6 2. c4 Nc6 3. Nc3 e5 4. d5 Ne7 5. a3 Ng6 6. h4 h5 7. Nf3 a5 8. Rb1 Ng4
9. b4 axb4 10. axb4 Be7 11. g3 d6 12. Qc2 f5 13. Bg2 e4 14. Ng5 N6e5 15. Nb5 e3
16. f4 Bxg5 17. hxg5 Ng6 18. Bf3 Kf7 19. Bxg4 hxg4 20. Rxh8 Qxh8 21. Bxe3 Qh2
22. Bf2 Qh1+ 23. Kd2 Qg2 24. Be1 Bd7 25. Nc3 Ne7 26. Kc1 b5 27. Qd3 Qg1 28. Kb2
bxc4 29. Qxc4 Qa7 30. Kc2 Qb6 31. Bd2 c6 32. dxc6+ Be6 33. Qb5 Ra2+ 34. Rb2 Qxb5
35. Nxb5 Nxc6 36. Rxa2 Bxa2 37. Nxd6+ Ke6 38. Nb5 Bc4 39. Na3 Bxe2 40. Bc3 g6
41. Kd2 Bf3 42. Nc4 Kd5 43. Ne5 Nxe5 44. fxe5 Bg2 45. Ke3 Bf1 46. Bd4 Bb5 47.
Bc3 Bf1 48. Kf4 Be2 49. Bd2 Bf1 50. Be3 Be2 51. Bc5 Bf1 52. Bd6 Be2 53. Bb8 Bf1
54. Ke3 Bb5 55. e6 Ba4 56. e7 Bb5 57. Bc7 Ba4 58. Kd3 Bb5+ 59. Kc3 Ba4 60. Bb6
Bb5 61. Kb3 Bc6 62. Be3 Bb5 63. Kc3 Ba4 64. b5 Bxb5 65. Kb4 Be8 66. Ka5 Ke6 67.
Bc5 Kf7 68. Kb6 Ba4 69. Kc7 Be8 70. Kd6 Ba4 71. Ke5 Be8 72. Bd4 Ba4 1/2-1/2

[Event "European Rapid 2017"]
[Site "Katowice POL"]
[Date "2017.12.17"]
[Round "9.67"]
[White "Bang, Andreas"]
[Black "Konopka, Michal"]
[Result "0-1"]
[WhiteTitle "FM"]
[BlackTitle "IM"]
[WhiteElo "2287"]
[BlackElo "2381"]
[WhiteFideId "1400290"]
[BlackFideId "308633"]
[EventDate "2017.12.16"]

1. Nf3 Nf6 2. c4 g6 3. Nc3 d5 4. cxd5 Nxd5 5. Qa4+ c6 6. Qd4 f6 7. e4 e5 8. Nxe5
Nxc3 9. Qxc3 Qe7 10. Nf3 Qxe4+ 11. Be2 Nd7 12. O-O Bb4 13. Qb3 Nc5 14. Qd1 Nd3
15. Bxd3 Qxd3 16. Re1+ Kf7 17. Re3 Qd5 18. d4 Be6 19. Bd2 Bd6 20. Bc3 Rhe8 21.
Qe2 Bf4 22. Re4 Bf5 23. Rxe8 Rxe8 24. Qf1 Bg4 25. Qd3 Bxf3 26. Qxf3 Qxf3 27.
gxf3 Re2 28. Kf1 Rc2 29. h3 Bd2 30. Rd1 Bxc3 31. bxc3 Rxc3 32. d5 cxd5 33. Rxd5
Ke6 34. Rb5 b6 35. Kg2 Ra3 36. Rb2 g5 37. h4 gxh4 38. Rb4 h3+ 39. Kg3 Rxa2 40.
Rh4 b5 41. Rxh3 b4 42. Rxh7 a5 43. Rb7 Kd5 44. Kf4 Kc4 0-1

[Event "European Rapid 2017"]
[Site "Katowice POL"]
[Date "2017.12.17"]
[Round "9.68"]
[White "Wieczorek, Oskar"]
[Black "Kaleta, Blazej"]
[Result "1/2-1/2"]
[WhiteTitle "IM"]
[WhiteElo "2463"]
[BlackElo "2110"]
[WhiteFideId "1133950"]
[BlackFideId "1170252"]
[EventDate "2017.12.16"]

1. e4 c5 2. Nf3 e6 3. d4 cxd4 4. Nxd4 a6 5. c4 Nf6 6. Nc3 Qc7 7. Be2 b6 8. O-O
Bb7 9. f3 Bd6 10. g3 Bxg3 11. hxg3 Qxg3+ 12. Kh1 Qh3+ 13. Kg1 Qg3+ 14. Kh1 Qh3+
15. Kg1 Qg3+ 1/2-1/2

[Event "European Rapid 2017"]
[Site "Katowice POL"]
[Date "2017.12.17"]
[Round "9.69"]
[White "Krainski, Aleksander"]
[Black "D'Costa, Lorin A R"]
[Result "0-1"]
[WhiteTitle "FM"]
[BlackTitle "IM"]
[WhiteElo "2203"]
[BlackElo "2391"]
[WhiteFideId "1102400"]
[BlackFideId "409219"]
[EventDate "2017.12.16"]

1. e4 c5 2. Nf3 e6 3. d4 cxd4 4. Nxd4 a6 5. Be2 Nf6 6. Nc3 Qc7 7. O-O d6 8. f4
Be7 9. Kh1 O-O 10. Be3 Nc6 11. Qe1 Bd7 12. Qg3 b5 13. a3 Nxd4 14. Bxd4 Bc6 15.
Rae1 Qb7 16. Bd3 Rad8 17. e5 dxe5 18. Bxe5 g6 19. Re2 a5 20. f5 Nh5 21. Qh3 exf5
22. Bxf5 Ng7 23. Be4 f6 24. Bc7 Qxc7 25. Bxc6 Qxc6 26. Rxe7 Rde8 27. Qd7 Qxd7
28. Rxd7 Nf5 29. Kg1 Re5 30. Rfd1 Ne3 31. R1d2 Nc4 32. R2d4 Nxb2 33. Rb7 Rf7 34.
Nxb5 Rxb7 0-1

[Event "European Rapid 2017"]
[Site "Katowice POL"]
[Date "2017.12.17"]
[Round "9.70"]
[White "Zylka, Stanislaw"]
[Black "Pulpan, Jakub"]
[Result "0-1"]
[WhiteTitle "FM"]
[BlackTitle "IM"]
[WhiteElo "2336"]
[BlackElo "2400"]
[WhiteFideId "1189654"]
[BlackFideId "302759"]
[EventDate "2017.12.16"]

1. e4 c5 2. Nf3 d6 3. Bb5+ Bd7 4. c4 Nf6 5. Nc3 a6 6. Bxd7+ Nbxd7 7. O-O Rc8 8.
b3 g6 9. Bb2 Bg7 10. d4 cxd4 11. Nxd4 O-O 12. Qe2 Qa5 13. Rac1 e6 14. Rfd1 Rfe8
15. Qd2 Qh5 16. Qe2 Qa5 17. Nc2 Qc7 18. Ne3 Nc5 19. f3 Qb6 20. Kh1 Rcd8 21. Rc2
Nfd7 22. Rcd2 Ne5 23. f4 Nc6 24. Qf3 Qa5 25. Nc2 Nb4 26. Nxb4 Qxb4 27. h3 b5 28.
e5 bxc4 29. bxc4 Qxc4 30. exd6 Rb8 31. Ba1 Red8 32. Kh2 Rd7 33. Ne2 Ne4 34. Bxg7
Nxd2 35. Rxd2 Kxg7 36. Ng3 Rb4 37. Ne2 Rb6 38. Qe3 Rb5 39. Nc3 Rb4 40. Ne2 Rb5
41. Nc3 Rc5 42. Ne4 Rd5 43. Rxd5 exd5 44. Nc5 Rxd6 45. Qe5+ Rf6 0-1

[Event "European Rapid 2017"]
[Site "Katowice POL"]
[Date "2017.12.17"]
[Round "9.71"]
[White "Batashevs, Arsens"]
[Black "Maier, Christian"]
[Result "1-0"]
[BlackTitle "IM"]
[WhiteElo "2139"]
[BlackElo "2393"]
[WhiteFideId "11603593"]
[BlackFideId "4601955"]
[EventDate "2017.12.16"]

1. g3 e5 2. Bg2 Nc6 3. c4 h5 4. h4 Bc5 5. Nc3 d6 6. d3 a6 7. Nd5 Nge7 8. Bg5 f6
9. Bd2 Be6 10. e3 Ba7 11. Ne2 Qd7 12. Qb3 Rb8 13. a4 Bf7 14. Bh3 Qd8 15. Nec3
Nxd5 16. Nxd5 Ne7 17. e4 c6 18. Ne3 d5 19. Rd1 Bd4 20. a5 b5 21. axb6 Rxb6 22.
Qa4 Rxb2 23. cxd5 O-O 24. Nc4 Rxd2 25. Nxd2 cxd5 26. Qxa6 Bg6 27. Be6+ Kh7 28.
O-O Bc3 29. Nf3 dxe4 30. dxe4 Qa8 31. Qd6 Bxe4 32. Qxe7 Bxf3 33. Rd7 Rg8 34.
Qxf6 Be4 35. Bf5+ Bxf5 36. Qxf5+ 1-0

[Event "European Rapid 2017"]
[Site "Katowice POL"]
[Date "2017.12.17"]
[Round "9.72"]
[White "Sadzikowski, Daniel"]
[Black "Orzechowski, Jacek"]
[Result "1/2-1/2"]
[WhiteTitle "GM"]
[WhiteElo "2584"]
[BlackElo "2117"]
[WhiteFideId "1132253"]
[BlackFideId "1101951"]
[EventDate "2017.12.16"]

1. e4 d6 2. d4 Nf6 3. Nc3 Nbd7 4. Nf3 e5 5. Bc4 Be7 6. O-O O-O 7. a4 a5 8. Re1
c6 9. h3 exd4 10. Nxd4 Nc5 11. Bf4 Be6 12. Nxe6 fxe6 13. e5 Nd5 14. exd6 Bxd6
15. Bxd6 Qxd6 16. Ne4 Nxe4 17. Rxe4 Rf4 18. Rxf4 Qxf4 19. Qe2 Qf6 20. c3 Nf4 21.
Qe3 Rd8 22. Bf1 h6 23. Re1 Qf5 24. Kh2 Rf8 25. Qe4 Qc5 26. Qe3 Qxe3 27. Rxe3 Nd5
28. Re2 Rf4 29. Kg3 Rxa4 30. Rxe6 Ra2 31. c4 Nf6 32. Re7 Rxb2 33. c5 Nd5 34. Bc4
Kf8 35. Rd7 Rc2 36. Bxd5 cxd5 37. Rxd5 a4 38. Rd8+ Ke7 39. Rb8 Rxc5 40. Rxb7+
Kf6 41. Ra7 Rc3+ 42. f3 Ra3 43. h4 Ra1 44. Kf4 a3 45. Ra6+ Kf7 46. h5 a2 47. g4
Kg8 48. Ra7 Kf8 49. Ra8+ Kf7 50. Ra7+ Kf6 51. Ra6+ Kf7 52. Ra3 Kf6 53. Ra7 Ke6
54. Ra6+ Ke7 55. Kf5 Rf1 56. Rxa2 Rxf3+ 57. Kg6 Rf4 58. g5 Rg4 59. Ra7+ Kf8 60.
Ra8+ Ke7 61. Ra7+ Kf8 62. Ra8+ Ke7 63. Kxg7 Rxg5+ 64. Kxh6 Rg1 65. Kh7 Kf7 66.
Ra2 Rg7+ 67. Kh6 Rg1 68. Ra8 Rh1 69. Ra7+ Kf8 70. Ra5 Kg8 71. Rg5+ Kh8 72. Rd5
Kg8 73. Rd8+ Kf7 74. Rc8 Rh2 75. Rc1 Kg8 76. Rg1+ Kh8 77. Rg7 Rxh5+ 78. Kxh5
Kxg7 1/2-1/2

[Event "European Rapid 2017"]
[Site "Katowice POL"]
[Date "2017.12.17"]
[Round "9.73"]
[White "Kazakovskiy, Valeriy"]
[Black "Slabek, Grzegorz"]
[Result "1-0"]
[WhiteTitle "IM"]
[WhiteElo "2422"]
[BlackElo "1956"]
[WhiteFideId "13507443"]
[BlackFideId "1105531"]
[EventDate "2017.12.16"]

1. d4 d5 2. c4 c6 3. cxd5 cxd5 4. Nc3 e6 5. Bf4 a6 6. e3 Nf6 7. Bd3 Nc6 8. Rc1
Bd6 9. Nf3 Bxf4 10. exf4 g6 11. O-O O-O 12. Bb1 Bd7 13. Re1 Rc8 14. Ne5 Qb6 15.
Nxc6 Bxc6 16. Qd2 Rc7 17. h4 Rfc8 18. f5 exf5 19. Bxf5 Re8 20. Rxe8+ Bxe8 21.
Bb1 Re7 22. h5 Qe6 23. hxg6 hxg6 24. Qf4 Kg7 25. Bc2 Bc6 26. Bb3 Re8 27. Bc2 Ng4
28. Bd3 Nf6 29. a3 Nh5 30. Qg5 Nf6 31. Ne2 Qg4 32. Qxg4 Nxg4 33. f3 Bb5 34. Bxb5
axb5 35. Nc3 Nf6 36. Nxb5 Re2 37. b4 Nh5 38. Nc3 Re3 39. Kf2 Rd3 40. Nxd5 Rxd4
41. Rc5 Rd2+ 42. Kg1 f5 43. g4 fxg4 44. fxg4 Rd1+ 45. Kf2 b6 46. Rc7+ Kh6 47.
Nc3 Ra1 48. gxh5 Rxa3 49. hxg6 Kxg6 50. Ke3 Kf5 51. Kd4 Rb3 52. Kc4 Rb2 53. Kb5
Ke5 54. Na4 Rb1 55. Nxb6 Kd6 56. Rc6+ Ke7 57. Rc2 Kd8 58. Nd5 Rd1 59. Nc3 Rh1
60. Na4 Kd7 61. Nb6+ Kd8 62. Ka6 Ra1+ 63. Kb7 Rb1 64. Rd2+ Ke7 65. Rd4 Ke6 66.
Kc6 Ke5 67. Rh4 Rc1+ 68. Rc4 Rh1 69. Nd7+ Ke6 70. Nc5+ Ke7 71. b5 Rh6+ 72. Kc7
Rh7 73. b6 Kf6+ 74. Nd7+ Ke6 75. Rd4 Rh3 76. Nc5+ Ke5 77. Rd1 Rc3 78. Kc6 Rh3
79. b7 Rh6+ 80. Kc7 Rh7+ 81. Rd7 Rh8 82. Rd8 Rh7+ 83. Nd7+ 1-0

[Event "European Rapid 2017"]
[Site "Katowice POL"]
[Date "2017.12.17"]
[Round "9.74"]
[White "Lubczynski, Rafal"]
[Black "Nowicki, Bartosz"]
[Result "1-0"]
[WhiteTitle "IM"]
[WhiteElo "2429"]
[BlackElo "2284"]
[WhiteFideId "1126091"]
[BlackFideId "1179730"]
[EventDate "2017.12.16"]

1. Nf3 f5 2. c4 Nf6 3. Nc3 g6 4. g3 Bg7 5. Bg2 d6 6. d4 O-O 7. O-O Qe8 8. b3 e5
9. dxe5 dxe5 10. Ba3 Rf7 11. Qc2 c6 12. Nd2 e4 13. Rae1 e3 14. fxe3 Ng4 15. Nd1
Nxe3 16. Nxe3 Qxe3+ 17. Kh1 Rd7 18. Nb1 Na6 19. Rf3 Qe5 20. e4 Rf7 21. Qf2 Qa5
22. exf5 Bxf5 23. g4 Bd4 24. Qxd4 Qxe1+ 25. Rf1 Qxf1+ 26. Bxf1 Bxb1 27. Bb2 Kf8
28. Qh8+ Ke7 29. Qxa8 Nc7 30. Qxb7 Kd7 31. Bg2 1-0

[Event "European Rapid 2017"]
[Site "Katowice POL"]
[Date "2017.12.17"]
[Round "9.75"]
[White "Colls Gelaberto, Emili"]
[Black "Krzyzanowski, Marcin"]
[Result "1-0"]
[WhiteTitle "CM"]
[BlackTitle "IM"]
[WhiteElo "2093"]
[BlackElo "2457"]
[WhiteFideId "2209950"]
[BlackFideId "1132199"]
[EventDate "2017.12.16"]

1. Nf3 Nf6 2. d4 g6 3. c4 Bg7 4. Nc3 d5 5. cxd5 Nxd5 6. e4 Nxc3 7. bxc3 c5 8.
Be3 O-O 9. Rc1 Qc7 10. Be2 b6 11. O-O e6 12. Qc2 Bb7 13. Rfd1 Nd7 14. d5 exd5
15. exd5 Rae8 16. c4 Qd6 17. Bf1 Ne5 18. Nxe5 Bxe5 19. g3 f5 20. Bh6 Rf7 21. Re1
Rfe7 22. Bg5 Bf6 23. Bf4 Qd7 24. Qd2 Kf7 25. Bg2 Bd4 26. Bg5 Rxe1+ 27. Rxe1
Rxe1+ 28. Qxe1 Qe8 29. Qe6+ Qxe6 30. dxe6+ Kxe6 31. Bxb7 b5 32. cxb5 c4 33. Kf1
Kd6 34. Ke2 Kc5 35. Be3 Bxe3 36. Kxe3 Kxb5 37. Kd2 Kb4 38. Kc2 a5 39. Bd5 h6 40.
f4 g5 41. Be6 gxf4 42. gxf4 1-0

[Event "European Rapid 2017"]
[Site "Katowice POL"]
[Date "2017.12.17"]
[Round "9.76"]
[White "Kruszynski, Wlodzimierz"]
[Black "Tate, Alan"]
[Result "1-0"]
[WhiteTitle "IM"]
[BlackTitle "FM"]
[WhiteElo "2313"]
[BlackElo "2358"]
[WhiteFideId "1100670"]
[BlackFideId "2401878"]
[EventDate "2017.12.16"]

1. e4 c5 2. Nf3 d6 3. Bb5+ Nd7 4. O-O a6 5. Bd3 Ngf6 6. Re1 b5 7. c4 b4 8. Bc2
Ne5 9. Ba4+ Bd7 10. Nxe5 dxe5 11. d3 e6 12. Be3 Bd6 13. Nd2 O-O 14. Bg5 Ra7 15.
Bc2 h6 16. Bh4 Bc8 17. Nf3 Rb7 18. Ba4 Kh8 19. Qd2 Bd7 20. Qc2 Bc8 21. Rad1 Rg8
22. Qd2 Bd7 23. Bxd7 Rxd7 24. b3 Ra7 25. Qb2 Qc7 26. Bg3 Nd7 27. Qd2 a5 28. a4
Nb8 29. Qb2 Nc6 30. Re3 Raa8 31. Rde1 Rad8 32. Qd2 Rd7 33. Qb2 Rgd8 34. Qc2 Kg8
35. Qb2 Kf8 36. Qc2 Ke8 37. Qb2 Re7 38. Qc2 Kd7 39. Qd1 Kc8 40. Rf1 f5 41. exf5
exf5 42. Bh4 g5 43. Nxg5 hxg5 44. Bxg5 Rh8 45. Bxe7 Qxe7 46. Qf3 Qd7 47. Rfe1
Kc7 48. Qd5 f4 49. Re4 Qh7 50. h3 Rg8 51. Kh2 Qg6 52. R4e2 Nd4 53. Rxe5 Bxe5 54.
Rxe5 Nc6 55. Re6 Qxg2+ 56. Qxg2 Rxg2+ 57. Kxg2 Nd4 58. Re4 Nxb3 59. Re2 f3+ 60.
Kxf3 Nd4+ 61. Ke3 Nxe2 62. Kxe2 Kd6 63. f4 Ke6 64. h4 Kf5 65. h5 Kf6 66. Kd2 Kf5
67. Ke3 Kf6 68. d4 b3 69. Kd3 cxd4 70. c5 1-0

[Event "European Rapid 2017"]
[Site "Katowice POL"]
[Date "2017.12.17"]
[Round "9.77"]
[White "Rocha, Sergio"]
[Black "Sotsky, Alexander"]
[Result "1-0"]
[WhiteTitle "IM"]
[BlackTitle "IM"]
[WhiteElo "2370"]
[BlackElo "2333"]
[WhiteFideId "1900404"]
[BlackFideId "4130715"]
[EventDate "2017.12.16"]

1. Nf3 d5 2. c4 e6 3. d4 f5 4. g3 Nf6 5. Bg2 c6 6. b3 Bd6 7. O-O Qe7 8. a4 O-O
9. Ba3 Bd7 10. Qc1 Be8 11. Bxd6 Qxd6 12. Qa3 Qd8 13. Nbd2 Bh5 14. Rfe1 Ne4 15.
b4 Bxf3 16. Nxf3 a6 17. Qd3 Nd7 18. c5 Qf6 19. Rab1 Rae8 20. e3 e5 21. Qc2 Qh6
22. b5 axb5 23. axb5 f4 24. bxc6 bxc6 25. Rb7 fxe3 26. fxe3 Rf7 27. Rxd7 Rxd7
28. Nxe5 Rxe5 29. dxe5 Ng5 30. h4 Ne6 31. Bh3 Rd8 32. Kh2 Rf8 33. Re2 g5 34. h5
Ng7 35. Rf2 Nxh5 36. Rxf8+ Qxf8 37. Qf5 Qd8 38. Qe6+ Kf8 39. Qxc6 Qa5 40. Qh6+
Ng7 41. Qf6+ Kg8 42. Be6+ Nxe6 43. Qxe6+ Kf8 44. Qh6+ Ke8 45. Qe6+ Kf8 46. Qxd5
Qe1 47. Qf3+ Ke7 48. Qf6+ Kd7 49. c6+ Kc7 50. Qxg5 Kxc6 51. Qf4 Qe2+ 52. Kh3 Kd5
53. Kh4 Qe1 54. Kg5 Qb1 55. e4+ Kd4 56. e6 Qb7 57. Qf6+ Kxe4 58. e7 Qd7 59. Qf4+
Kd5 60. Qf5+ Kd6 61. Qxd7+ Kxd7 62. Kf6 Ke8 63. g4 h6 64. Ke6 1-0

[Event "European Rapid 2017"]
[Site "Katowice POL"]
[Date "2017.12.17"]
[Round "9.78"]
[White "Ovod, Evgenija"]
[Black "Vykouk, Jan"]
[Result "0-1"]
[WhiteTitle "IM"]
[BlackTitle "FM"]
[WhiteElo "2364"]
[BlackElo "2435"]
[WhiteFideId "4131827"]
[BlackFideId "349658"]
[EventDate "2017.12.16"]

1. d4 Nf6 2. Bg5 d5 3. e3 g6 4. Nf3 Bg7 5. Bd3 O-O 6. O-O c5 7. c3 Nc6 8. Nbd2
b6 9. Ne5 Nxe5 10. dxe5 Nd7 11. f4 f6 12. exf6 exf6 13. Bh4 Bb7 14. e4 c4 15.
Be2 Nc5 16. exd5 b5 17. f5 Qxd5 18. Bf3 Qd7 19. fxg6 hxg6 20. Bxb7 Qxb7 21. Qg4
Qf7 22. Nf3 f5 23. Qh3 Ne4 24. Rae1 Rfe8 25. Rxe4 fxe4 26. Ng5 Qd5 27. Qg4 e3
28. Be1 e2 29. Rf3 Rf8 30. Qh4 Rxf3 31. gxf3 Qf5 32. Kf2 Re8 33. Ne4 Rf8 34. Ng5
Re8 35. Ne4 Qh5 36. Qxh5 gxh5 37. Bd2 Kh7 38. Be3 a6 39. Kxe2 Kg6 40. a3 Be5 41.
h3 Kf5 42. Kf2 Bf4 43. Ke2 Rxe4 44. fxe4+ Kxe4 45. Bxf4 Kxf4 46. Kf2 h4 47. a4
bxa4 48. Ke2 Ke4 49. Kd2 Kf3 50. Ke1 Ke3 51. Kd1 Kd3 52. Kc1 a3 53. Kb1 axb2 54.
Kxb2 Kd2 0-1

[Event "European Rapid 2017"]
[Site "Katowice POL"]
[Date "2017.12.17"]
[Round "9.79"]
[White "Bekasovs, Rihards"]
[Black "Saraci, Nderim"]
[Result "1-0"]
[BlackTitle "FM"]
[WhiteElo "2009"]
[BlackElo "2398"]
[WhiteFideId "11606029"]
[BlackFideId "6351921"]
[EventDate "2017.12.16"]

1. Nf3 Nf6 2. b3 d6 3. d4 g6 4. g3 Bg7 5. Bg2 O-O 6. O-O Nbd7 7. Bb2 Re8 8. c4
a6 9. Nc3 c5 10. Qd2 Rb8 11. Rac1 b6 12. Rfe1 Bb7 13. d5 b5 14. e4 bxc4 15. bxc4
Ng4 16. Qc2 Bc8 17. Rb1 Nge5 18. Nd2 Nb6 19. Nd1 Bd7 20. Bxe5 Bxe5 21. Nb3 Bg7
22. f4 e6 23. Ne3 Bd4 24. dxe6 Bxe3+ 25. Rxe3 Bxe6 26. Nd2 Qc7 27. Reb3 Na8 28.
Qc3 Rxb3 29. axb3 Bd7 30. Ra1 Qb6 31. Qa5 Qxa5 32. Rxa5 Nc7 33. e5 dxe5 34. Rxc5
Ne6 35. Rxe5 Kf8 36. Bd5 Rd8 37. Kf2 Nc5 38. Be4 Rc8 39. Bc2 Be6 40. Ne4 Nd7 41.
Ra5 Bf5 42. Nd6 Rc6 43. Nxf5 gxf5 44. Rxf5 Ke7 45. Rd5 Rb6 46. Ke3 Nf6 47. Re5+
Kf8 48. h3 Rb8 49. g4 h6 50. g5 hxg5 51. fxg5 Nd7 52. Ra5 Re8+ 53. Kf4 Re2 54.
Bf5 Rf2+ 55. Kg3 Rd2 56. Bxd7 Rxd7 57. Rxa6 Rd3+ 58. Kg4 Rxb3 59. Rc6 Rc3 60. h4
Kg7 61. h5 Rc1 62. Rc7 Rg1+ 63. Kf5 Rf1+ 64. Ke5 Re1+ 65. Kd4 Rd1+ 66. Kc5 Rh1
67. h6+ Kg6 68. Rd7 Kxg5 69. Rxf7 Rxh6 70. Kb5 Kg6 71. Rf1 Rh2 72. c5 1-0

[Event "European Rapid 2017"]
[Site "Katowice POL"]
[Date "2017.12.17"]
[Round "9.80"]
[White "Lewtak, Damian"]
[Black "Tomaszewski, Kacper"]
[Result "0-1"]
[WhiteElo "2358"]
[BlackElo "2292"]
[WhiteFideId "1141724"]
[BlackFideId "1127373"]
[EventDate "2017.12.16"]

1. d4 Nf6 2. c4 g6 3. Nc3 d5 4. Nf3 Bg7 5. e3 O-O 6. Be2 c5 7. dxc5 dxc4 8. O-O
Qa5 9. Qd4 Nfd7 10. Qxc4 Qxc5 11. Qh4 Nf6 12. e4 Nc6 13. Bg5 Be6 14. a3 Rfe8 15.
Nb5 Rac8 16. Rac1 Qb6 17. Be3 Qa5 18. e5 Nd5 19. Ng5 h5 20. Nxe6 fxe6 21. Qh3
Nxe3 22. Qxe6+ Kh7 23. fxe3 Qd2 24. Rce1 Qxe3+ 25. Kh1 Qxe5 26. Qh3 Rf8 27. Bf3
Qxb5 28. g4 Rxf3 29. Rxf3 Rf8 30. gxh5 Qxh5 31. Qxh5+ gxh5 32. Rb3 b6 33. Rb5 e5
34. Rd5 Rd8 35. Rxd8 Nxd8 36. Rd1 Nc6 37. Rd6 Nd4 0-1

[Event "European Rapid 2017"]
[Site "Katowice POL"]
[Date "2017.12.17"]
[Round "9.81"]
[White "Nikitenko, Mihail"]
[Black "Montilla Carrillo, Esteban"]
[Result "1-0"]
[WhiteTitle "IM"]
[BlackTitle "FM"]
[WhiteElo "2361"]
[BlackElo "2233"]
[WhiteFideId "13506862"]
[BlackFideId "2208261"]
[EventDate "2017.12.16"]

1. e4 c5 2. Nf3 d6 3. d4 cxd4 4. Nxd4 Nf6 5. Nc3 a6 6. Bg5 e6 7. f4 Be7 8. Qf3
Qc7 9. O-O-O Nbd7 10. Bd3 b5 11. Rhe1 Bb7 12. Nd5 Nxd5 13. exd5 Bxg5 14. Rxe6+
Be7 15. Nf5 fxe6 16. Nxg7+ Kd8 17. Nxe6+ Kc8 18. Nxc7 Kxc7 19. Bf5 Bf6 20. g4 h6
21. h4 Rae8 22. g5 hxg5 23. hxg5 Bg7 24. Bxd7 Kxd7 25. Rh1 Rxh1+ 26. Qxh1 Bd4
27. c3 Be3+ 28. Kc2 Bxf4 29. Qh7+ Re7 30. Qf5+ Kc7 31. Qxf4 Bxd5 32. Qd4 Kc6 33.
g6 Be4+ 34. Kd2 Bxg6 35. Qf6 Rf7 36. Qxg6 Rf2+ 37. Kc1 Re2 38. Qg8 1-0